Persuasion on screen an authentic aural evocation of Jane Austen's early 19th century England? /
Elmentve itt :
| Szerző: | |
|---|---|
| További közreműködők: | |
| Dokumentumtípus: | Könyv része |
| Megjelent: |
JATEPress
Szeged
2021
|
| Sorozat: | Essays in English and American studies : students and supervisors
Sentiment, history and intermediality |
| Kulcsszavak: | Angol irodalom története - 19. sz., Filmművészet |
| Tárgyszavak: | |
| Online Access: | http://acta.bibl.u-szeged.hu/87160 |
| LEADER | 00917naa a2200229 i 4500 | ||
|---|---|---|---|
| 001 | acta87160 | ||
| 005 | 20250428155445.0 | ||
| 008 | 250428s2021 hu o 000 eng d | ||
| 020 | |a 978-963-315-470-0 | ||
| 040 | |a SZTE Egyetemi Kiadványok Repozitórium |b hun | ||
| 041 | |a eng | ||
| 100 | 1 | |a Tóth Zsófia Anna | |
| 245 | 1 | 0 | |a Persuasion on screen |h [elektronikus dokumentum] : |b an authentic aural evocation of Jane Austen's early 19th century England? / |c Tóth Zsófia Anna |
| 260 | |a JATEPress |b Szeged |c 2021 | ||
| 300 | |a 107-113 | ||
| 490 | 0 | |a Essays in English and American studies : students and supervisors | |
| 490 | 0 | |a Sentiment, history and intermediality | |
| 650 | 4 | |a Bölcsészettudományok | |
| 650 | 4 | |a Nyelvek és irodalom | |
| 695 | |a Angol irodalom története - 19. sz., Filmművészet | ||
| 700 | 0 | 1 | |a Austen Jane |
| 856 | 4 | 0 | |u http://acta.bibl.u-szeged.hu/87160/1/essays_2021_107-113.pdf |z Dokumentum-elérés |